| 000 | 00485nam a2200181Ia 4500 | ||
|---|---|---|---|
| 001 | 17772 | ||
| 005 | 20260306171541.0 | ||
| 008 | 260306s9999||||xx |||||||||||||| ||und|| | ||
| 041 | _aESP | ||
| 082 |
_a658.1552 _bC28 |
||
| 100 |
_aCárdenas y Nápoles, Raúl Andrés _eAUT |
||
| 245 | 0 |
_aAdministración de costos: _bmétodos modernos de costos y manufactura |
|
| 260 | _c2006 | ||
| 300 |
_a182 páginas : _c23 cm. |
||
| 650 | _aGEN | ||
| 654 | _aCAN | ||
| 942 |
_cLIB _dJUS _fJUS _2ddc _n |
||
| 999 |
_c17772 _d17772 |
||